000 00869nam a2200241 a 4500
001 BRCA_7994
005 20190320210103.0
008 140314s1971----mx-a###f##---#000-0#spa-#
041 _aspa
044 _amx
050 4 _aNK4565
_b.P67
245 1 0 _aPorcelana de Indias para México
_cFinanciera Comermex ; Antonio España, diseñador e impresor.
260 _aMéxico
_bFinanciera Comermex
_c[1971]
300 _a2 v.
_bil. a color, 23 láminas
_c24 cm.
500 _a3034
500 _aDos ejemplares iguales inventariados como un sólo libro por el Banco de México
650 1 4 _aPorcelana de Indias
_vColecciones y coleccionistas
_zMéxico
_919840
650 1 4 _aCerámicas y porcelanas
_vColecciones y coleccionistas
_zMéxico
_919841
700 1 _aEspaña, Antonio
_eimpr.
_919842
710 2 _aFinanciera Comermex
_eed.
_919843
902 _aGFM
942 _2lcc
_cB
999 _c7663
_d7663